• 首页
  • 本馆介绍
  • 公告通知
  • 最新文献
  • 馆藏检索
  • 电子资源
  • 读者导购
  • 参考咨询
  • 我的图书馆
  • 登录
  • 期刊详细显示
  • 现刊情况显示
  • 合订本情况显示
  • 篇目信息显示

期刊信息

  • 表格格式
  • 工作单格式
  • 卡片格式
索取号 
I561/ELH
题名 
ENGLISH LITERATURE HISTORY
作者 
分册号 
分册名 
出版地 
出版者 
JOHNS HOPKINS UNIVERSITY PRESS
标准刊号 
0013-8304
出版频率 
季刊
中图法分类 
I561
主题词 
文学
电子资源 
000 01010nas0 2200229 45
001 0753718233
005 20160612092223.74
011    @a0013-8304@d$28.00(2003)
100    @a20070416d km y0chiy0120 ea
101 0  @aeng
200 1  @aENGLISH LITERATURE HISTORY
207    @aELH is issued quarterly(Spring,Summer,Fall,Winter).
210    @cJOHNS HOPKINS UNIVERSITY PRESS
300    @aELH is indexed and abstracted in Abstracts of English Studies,America:History and Life,Annual Bibliography of English Language and Literature,Arts and Humanities Citation Index,Current Conterns,Eighteenth Century:current bibliography,historical abstracts,humanities index,international index of periodicals,legal contents,literary criticism register,MLA international bibliography,MLA-RLG reaearch-in-progress database,and recently published articles.
326    @a季刊
512    @aELH
516    @aELH
530    @aELH
606 0  @a文学
690    @aI561@v4
801  0 @aCN@bPFT@c20070416
905    @aTJWY@dI561@eELH
    
    ENGLISH LITERATURE HISTORY.-ELH is issued quarterly(Spring,Summer,Fall,Winter).-JOHNS HOPKINS UNIVERSITY PRESS
    
    ELH is indexed and abstracted in Abstracts of English Studies,America:History and Life,Annual Bibliography of English Language and Literature,Arts and Humanities Citation Index,Current Conterns,Eighteenth Century:current bibliography,historical abstracts,humanities index,international index of periodicals,legal contents,literary criticism register,MLA international bibliography,MLA-RLG reaearch-in-progress database,and recently published articles.-←封面题名:ELH.-←书脊题名:ELH.-←识别题名:ELH
    
    ISSN 0013-8304:$28.00(2003)
    
●
相关链接: 在易读查询期刊 在中国知网中查询期刊 在万方数据查询期刊 在维普查询期刊
唐山师范学院图书馆 欢迎您!
大连网信软件有限公司© 版权所有